Statistiques concernant Culture Générale - Série 2341

Cliquez ici pour prendre le quiz!

Statistiques générales

  • Ce quiz a été pris 106 fois
  • Le résultat moyen est 4 sur 10

Statistiques - réponses

QuestionRéponse% Correct
Quel est le plus grand désert d'Afrique ?Sahara
99%
Quelle est la capitale de la Macédoine ?Skopje
69%
Quel terme anglophone signifiant "buisson" est utilisé pour désigner des arrière-pays peu habités de savane arbustive ou de forêts, bois et broussailles, comme en Australie ou Nouvelle Zélande ?bush
60%
Ce film de Stanley Kubrick de 1962 et adaptation du roman homonyme de Vladimir Nabokov publié en 1955, est un nom propre qui désigne une jeune fille aguicheuseLolita
53%
L'anagramme de "parent" est une ancienne unité de mesure de surface agrairearpent
48%
Quel était le prénom du jardinier de Louis XIV Le Nôtre (1613-1700) ?André
38%
Quelle ville du département de la Gironde est située au confluent de l'Isle et de la Dordogne et au cœur des célèbres vignobles de Saint-Émilion et de Pomerol ?Libourne
27%
Sous quel nom connaissait-on mieux le pionnier américain du rock'n'roll Richard Wayne Penniman (1932-2020) ? voir photolittle Richard
24%
Complétez le titre du film réalisé en 2001 par Dominic Sena avec John Travolta, Hugh Jackman,Halle Berry ( indice : le mot manquant est un poisson) : "Opération ...espadon
23%
Autrefois : collier de fer fixé à un poteau pour y attacher par le cou un condamné.carcan
3%

Distribution des résultats

Percentile par nombre de réponses

% des personnes avec chaque résultat

Votre développement - résultats

Vous n’avez pas pris ce quiz